<?xml version="1.0" encoding="UTF-8"?>
<collection xmlns:xsi="http://www.w3.org/2001/XMLSchema-instance" xsi:schemaLocation="http://www.loc.gov/MARC21/slim http://www.loc.gov/standards/marcxml/schema/MARC21slim.xsd" xmlns="http://www.loc.gov/MARC21/slim">
 <record>
  <leader>00000cmm a22000004a 4500</leader>
  <controlfield tag="001">UP-99796217611385139</controlfield>
  <controlfield tag="003">Buklod</controlfield>
  <controlfield tag="005">20241202100710.0</controlfield>
  <controlfield tag="006">m     o  j        </controlfield>
  <controlfield tag="007">cr |n |||auu|a</controlfield>
  <controlfield tag="008">241202s2011    xx     go  j        ita|d</controlfield>
  <datafield tag="020" ind1=" " ind2=" ">
   <subfield code="a">9788847018723 (eBook)</subfield>
  </datafield>
  <datafield tag="035" ind1=" " ind2=" ">
   <subfield code="a">(iLib)UPD-00227806936</subfield>
  </datafield>
  <datafield tag="040" ind1=" " ind2=" ">
   <subfield code="a">DMLR</subfield>
   <subfield code="b">ita</subfield>
   <subfield code="e">rda</subfield>
  </datafield>
  <datafield tag="041" ind1=" " ind2=" ">
   <subfield code="a">ita</subfield>
  </datafield>
  <datafield tag="042" ind1=" " ind2=" ">
   <subfield code="a">DMLUC</subfield>
  </datafield>
  <datafield tag="084" ind1=" " ind2=" ">
   <subfield code="a">TA 347 D5</subfield>
   <subfield code="b">L66 2011eb</subfield>
  </datafield>
  <datafield tag="100" ind1="1" ind2=" ">
   <subfield code="a">Longo, Sandro</subfield>
   <subfield code="e">author</subfield>
  </datafield>
  <datafield tag="245" ind1="1" ind2="0">
   <subfield code="a">Analisi dimensionale e modellistica fisica</subfield>
   <subfield code="b">principi e applicazioni alle scienze ingegneristiche</subfield>
   <subfield code="c">Sandro Longo.</subfield>
  </datafield>
  <datafield tag="264" ind1=" " ind2="1">
   <subfield code="a">Milan</subfield>
   <subfield code="b">Springer</subfield>
   <subfield code="c">2011.</subfield>
  </datafield>
  <datafield tag="300" ind1=" " ind2=" ">
   <subfield code="a">1 online resource </subfield>
   <subfield code="b">illustrations</subfield>
  </datafield>
  <datafield tag="336" ind1=" " ind2=" ">
   <subfield code="a">text</subfield>
   <subfield code="2">rdacontent</subfield>
  </datafield>
  <datafield tag="337" ind1=" " ind2=" ">
   <subfield code="a">computer</subfield>
   <subfield code="2">rdamedia</subfield>
  </datafield>
  <datafield tag="338" ind1=" " ind2=" ">
   <subfield code="a">online resource</subfield>
   <subfield code="2">rdacarrier</subfield>
  </datafield>
  <datafield tag="490" ind1="1" ind2=" ">
   <subfield code="a">Unitext</subfield>
  </datafield>
  <datafield tag="506" ind1=" " ind2=" ">
   <subfield code="a">IP-based subscription, access limited to within on-campus computer network. Access via Electronic Resources of the UPD University Library Website.</subfield>
  </datafield>
  <datafield tag="520" ind1=" " ind2=" ">
   <subfield code="a">La razionalizzazione delle scienze ha avuto un grande impulso con l'avvento e il consolidarsi dei concetti dell'Analisi Dimensionale, accanto alla quale si è sviluppata la modellistica fisica. Al tempo in cui gli elaboratori non erano disponibili o non erano accessibili, la modellistica fisica rimaneva l'unico strumento per affrontare e risolvere numerosi problemi di Ingegneria; non a caso la maggior parte delle pubblicazioni scientifiche nel settore è riconducibile a quel periodo. Anche oggi i modelli fisici hanno un ruolo insostituibile nella progettazione di molte opere, nonostante i costi e i tempi di lavorazione spesso elevati, ma ampiamente compensati dall'utilità dei risultati ottenuti. Tale scelta trova riscontro nelle normative nazionali e internazionali per la realizzazione di opere di particolare complessità e impegno economico quali, ad esempio, le opere marittime o le opere di Ingegneria strutturale; già da molti decenni, in alcuni codici esteri, i modelli fisici possono sostituire i modelli analitici. Chi dovesse ritenere eccessiva tale alternativa, cambierebbe idea se sapesse che la maggior parte delle relazioni analitiche di calcolo deriva dalla sperimentazione su modelli fisici. Questo testo è stato concepito per gli studenti e per i ricercatori impegnati nello studio di modelli concettuali e analitici, oltre che nella realizzazione di modelli fisici, e si sviluppa su basi teoriche ma con numerosi esempi applicativi. I settori di interesse sono quelli dell'Idraulica, della Scienza e Tecnica delle Costruzioni, della Geotecnica e della Fisica Tecnica, con brevi note per lo studio di sistemi compl</subfield>
  </datafield>
  <datafield tag="533" ind1=" " ind2=" ">
   <subfield code="a">Electronic reproduction.</subfield>
   <subfield code="b">New York</subfield>
   <subfield code="c">SpringerLink</subfield>
   <subfield code="d">c2011.</subfield>
  </datafield>
  <datafield tag="650" ind1=" " ind2="0">
   <subfield code="a">Civil engineering.</subfield>
  </datafield>
  <datafield tag="650" ind1=" " ind2="0">
   <subfield code="a">Aerodynamics.</subfield>
  </datafield>
  <datafield tag="856" ind1="4" ind2="0">
   <subfield code="y">Available for University of the Philippines System via SpringerLink</subfield>
   <subfield code="u">https://link.springer.com/book/10.1007/978-88-470-1872-3</subfield>
  </datafield>
  <datafield tag="905" ind1=" " ind2=" ">
   <subfield code="a">FO</subfield>
  </datafield>
  <datafield tag="852" ind1="0" ind2=" ">
   <subfield code="a">UPD</subfield>
   <subfield code="b">DMLR</subfield>
   <subfield code="h">TA 347 D5</subfield>
   <subfield code="i">L66 2011eb</subfield>
  </datafield>
  <datafield tag="942" ind1=" " ind2=" ">
   <subfield code="a">Electronic Resource</subfield>
  </datafield>
 </record>
</collection>
